| 000 | 00832nas a2200277 4500 | ||
|---|---|---|---|
| 001 | BR2012000388 | ||
| 003 | BR-BrBNA | ||
| 005 | 20231205120016.0 | ||
| 007 | ta | ||
| 008 | 230509b bl.|||p| |||| 00| 00por d | ||
| 040 |
_aBR-BrBNA _bpor _cBiblioteca Nacional de Agricultura |
||
| 041 | _a(Pt) | ||
| 072 | _aH10 | ||
| 100 | 1 | _aCordeiro, G. | |
| 100 | 1 | _aAnjos, N. dos | |
| 100 | 1 | _aMagistrali, I.C. | |
| 100 | 1 | _aLemes, P.G. | |
| 245 | 1 | _aOcorrência de Compsosoma perpulchrum em eucalipto no estado de Minas Gerais, Brasil | |
| 650 | _aEUCALIPTO | ||
| 650 | _aANÁLISE DE RISCO DE PRAGAS | ||
| 650 | _aSERRADOR | ||
| 650 | _aMINAS GERAIS | ||
| 773 | 0 |
_tRevista Ceres (Brazil) _xISSN 0034-737X _g(Jul-Aug 2011), v. 58(4) p. 512-515 _wBR2012000388 |
|
| 909 |
_a202311 _bLúcia _c55 _dLúcia Elande |
||
| 942 |
_2AGRIS _n0 _cANA |
||
| 999 |
_c216666 _d216666 |
||